<?xml version="1.0" encoding="UTF-8"?>
<record
    xmlns:xsi="http://www.w3.org/2001/XMLSchema-instance"
    xsi:schemaLocation="http://www.loc.gov/MARC21/slim http://www.loc.gov/standards/marcxml/schema/MARC21slim.xsd"
    xmlns="http://www.loc.gov/MARC21/slim">

  <leader>00511nam a2200121Ia 4500</leader>
  <controlfield tag="008">200902s9999    xx            000 0 und d</controlfield>
  <datafield tag="020" ind1=" " ind2=" ">
    <subfield code="a">978-621-406-178-5</subfield>
  </datafield>
  <datafield tag="100" ind1=" " ind2=" ">
    <subfield code="a">Nazareno, Isagani N.</subfield>
  </datafield>
  <datafield tag="245" ind1=" " ind2=" ">
    <subfield code="c">Isagani N. Nazareno , Marites D. Tagulao , Zoren Pepito Gubalane.--</subfield>
    <subfield code="a">Aklat-manwal tungkol sa buhay at mga gawa ni rizal :</subfield>
    <subfield code="b">the life and work of jose rizal /</subfield>
  </datafield>
  <datafield tag="260" ind1=" " ind2=" ">
    <subfield code="a">Manila :</subfield>
    <subfield code="b">Mindshapers Co., Inc.</subfield>
    <subfield code="c">2019</subfield>
  </datafield>
  <datafield tag="300" ind1=" " ind2=" ">
    <subfield code="a">viii , 188 pages :</subfield>
    <subfield code="b">illustrations ;</subfield>
    <subfield code="c">26 cm.</subfield>
  </datafield>
  <datafield tag="650" ind1=" " ind2=" ">
    <subfield code="a">Rizal, Jose P. (1861-1896)</subfield>
  </datafield>
  <datafield tag="999" ind1=" " ind2=" ">
    <subfield code="c">364003</subfield>
    <subfield code="d">364003</subfield>
  </datafield>
  <datafield tag="952" ind1=" " ind2=" ">
    <subfield code="0">0</subfield>
    <subfield code="1">0</subfield>
    <subfield code="4">0</subfield>
    <subfield code="a">CL</subfield>
    <subfield code="b">CL</subfield>
    <subfield code="c">FiL</subfield>
    <subfield code="d">2020-09-02</subfield>
    <subfield code="e">Library fund</subfield>
    <subfield code="l">0</subfield>
    <subfield code="o">DS 675.8 .N335 2019</subfield>
    <subfield code="p">C22206</subfield>
    <subfield code="r">2020-09-02 00:00:00</subfield>
    <subfield code="w">2020-09-02</subfield>
    <subfield code="y">BK</subfield>
  </datafield>
</record>
